000 00968nmc a2200337 a 4500
003 AR-BaBNM
005 20251128202720.0
008 225020s2000 ||||||||||||||000 | spa||
020 _a84-7112-437-8
040 _cAR-BaBNM
100 1 _aGoldschmied, Elinor
245 1 0 _aLa educación infantil de 0 a 3 años
260 _aMadrid
_bEdiciones Morata
_c2000
300 0 _a255 p.
_bfot.
490 0 _aPedagogía. Manuales
500 0 _aTraducción de Roc Filella
500 0 _aContiene índices onomástico y de materias
504 _aBibliografía en p. 235-240
650 4 _aPRIMERA INFANCIA
650 4 _aROL DEL DOCENTE
650 4 _aJUEGO
650 4 _aRELACION FAMILIA-ESCUELA
653 _aEDUCACION INICIAL
653 _aORGANIZACION DEL ESPACIO ESCOLAR
653 _aGESTION INSTITUCIONAL
653 _aRUTINAS ESCOLARES
700 1 _aJackson, Sonia
700 1 _aFilella Escolà, Roc
_etraductor
942 _cBK
998 _cme-solo cat
999 _c216
_d216